Wszystkie miasta Polski na literę P - Statystyki

Ogólne statystyki
  • Ten quiz został rozwiązany 1 719 razy
    1 175 od ostatniego zresetowania
  • Średni wynik to 49 z 83
Statystyki odpowiedzi
Województwo Populacja Miasto % Poprawnych
wielkopolskie 532048 Poznań
96%
mazowieckie 118268 Płock
93%
łódzkie 72250 Piotrków Trybunalski
92%
łódzkie 63945 Pabianice
91%
wielkopolskie 72527 Piła
91%
podkarpackie 59779 Przemyśl
91%
mazowieckie 62623 Pruszków
88%
zachodniopomorskie 32243 Police
85%
lubelskie 46965 Puławy
85%
mazowieckie 48670 Piaseczno
84%
śląskie 54702 Piekary Śląskie
82%
mazowieckie 21924 Płońsk
82%
pomorskie 11139 Puck
82%
mazowieckie 19294 Pułtusk
82%
kujawsko-pomorskie 2721 Pruszcz
80%
warmińsko-mazurskie 19029 Pisz
79%
pomorskie 31578 Pruszcz Gdański
78%
śląskie 25702 Pszczyna
78%
dolnośląskie 22435 Polkowice
77%
opolskie 20671 Prudnik
73%
mazowieckie 17055 Przasnysz
72%
podkarpackie 15105 Przeworsk
72%
wielkopolskie 16953 Pleszew
71%
lubelskie 10555 Parczew
69%
świętokrzyskie 10524 Pińczów
69%
warmińsko-mazurskie 12117 Pasłęk
68%
łódzkie 6651 Pajęczno
66%
mazowieckie 4564 Pilawa
66%
mazowieckie 22559 Piastów
65%
dolnośląskie 6228 Polanica-Zdrój
65%
zachodniopomorskie 12484 Pyrzyce
65%
świętokrzyskie 1132 Pacanów
64%
śląskie 1917 Pilica
64%
lubelskie 2531 Piaski
63%
mazowieckie 17902 Pionki
63%
zachodniopomorskie 7987 Połczyn-Zdrój
62%
łódzkie 7245 Poddębice
61%
opolskie 2561 Prószków
59%
małopolskie 5977 Proszowice
59%
opolskie 7366 Paczków
58%
pomorskie 8625 Prabuty
58%
podkarpackie 4958 Pilzno
57%
kujawsko-pomorskie 4392 Piotrków Kujawski
56%
łódzkie 1690 Piątek
55%
świętokrzyskie 7988 Połaniec
55%
mazowieckie 5769 Przysucha
55%
lubelskie 8980 Poniatowa
54%
pomorskie 7597 Pelplin
53%
dolnośląskie 6079 Przemków
53%
śląskie 18455 Pyskowice
53%
kujawsko-pomorskie 5624 Pakość
51%
wielkopolskie 3092 Pyzdry
51%
śląskie 13734 Pszów
50%
małopolskie 5793 Piwniczna-Zdrój
49%
wielkopolskie 9575 Puszczykowo
49%
wielkopolskie 8084 Pniewy
48%
warmińsko-mazurskie 2679 Pieniężno
47%
dolnośląskie 3556 Prochowice
47%
wielkopolskie 9451 Pobiedziska
46%
śląskie 8461 Poręba
44%
warmińsko-mazurskie 2498 Pasym
43%
opolskie 7515 Praszka
43%
podkarpackie 3740 Pruchnik
43%
dolnośląskie 6082 Piechowice
42%
podkarpackie 1788 Przecław
42%
dolnośląskie 6364 Piława Górna
41%
zachodniopomorskie 3900 Płoty
41%
zachodniopomorskie 2881 Polanów
41%
łódzkie 3458 Przedbórz
41%
mazowieckie 3801 Podkowa Leśna
40%
świętokrzyskie 3167 Piekoszów
38%
dolnośląskie 2226 Prusice
38%
dolnośląskie 5767 Pieńsk
37%
dolnośląskie 7012 Pieszyce
36%
wielkopolskie 2878 Poniec
35%
wielkopolskie 2087 Pogorzela
34%
wielkopolskie 1621 Przedecz
34%
łódzkie 914 Parzęczew
33%
zachodniopomorskie 2595 Pełczyce
33%
śląskie 1144 Przyrów
31%
lubelskie 2825 Piszczac
30%
mazowieckie 907 Przytyk
30%
świętokrzyskie 1160 Pierzchnica
29%
Nie znaleziono quizów pasujących do podanych kryteriów
Rozkład punktacji
Procent ludzi z każdym wynikiem
Percentyl według liczby udzielonych odpowiedzi
Twoja historia wyników
Nie rozwiązałeś tego quizu od ostatniego zresetowania